[Event "Olimpiade 2014 - Open"]
[Site "Tromsø"]
[Date "04.08.2014"]
[Round "3.50"]
[Board "4"]
[White "Ahmed, Fareed"]
[Black "Rayner, Francis"]
[Result "1-0"]
[WhiteElo "1899"]
[BlackElo "2177"]
[WhiteTeam "United Arab Emirates"]
[BlackTeam "Wales"]
[WhiteFideId "9303677"]
[BlackFideId "1800132"]
[EventDate "2014.08.02"]

1. e4 c5 2. Nf3 e6 3. d4 cxd4 4. Nxd4 Nc6 5. Nc3 Qc7 6. Be2 a6 7. O-O Nf6 8. Be3
Bb4 9. Na4 O-O 10. c4 Bd6 11. g3 Nxe4 12. Bf3 Nf6 13. c5 Be7 14. Rc1 g6 15. Nb6
Rb8 16. Nc4 e5 17. Nb3 a5 18. a4 Ra8 19. Re1 Ra6 20. Qd2 Rd8 21. Nd6 Ne8 22.
Red1 Nb4 23. Qe2 Qb8 24. Bh6 Rxd6 25. cxd6 Bxd6 26. Nxa5 Bc7 27. Nc4 d5 28. Ne3
Be6 29. Qb5 e4 30. Qxb4 Bd6 31. Qd2 exf3 32. Nxd5 b5 33. Qg5 Bxd5 34. Qxd5 bxa4
35. Qxf3 Qxb2 36. Rb1 Qa2 37. Ra1 Qc4 38. Bf4 Qa6 39. Bxd6 Nxd6 40. Qf6 Rd7 41.
Rab1 1-0

[Event "Olimpiade 2014 - Open"]
[Site "Tromsø"]
[Date "04.08.2014"]
[Round "3.51"]
[Board "1"]
[White "Baules, Jorge"]
[Black "Zambrana, Oswaldo"]
[Result "0-1"]
[WhiteTitle "IM"]
[BlackTitle "GM"]
[WhiteElo "2317"]
[BlackElo "2472"]
[WhiteTeam "Panama"]
[BlackTeam "Bolivia"]
[WhiteFideId "6600247"]
[BlackFideId "3300200"]
[EventDate "2014.08.02"]

1. d4 Nf6 2. c4 e6 3. Nc3 c5 4. d5 exd5 5. cxd5 d6 6. Nf3 g6 7. Bf4 a6 8. a4 Bg7
9. h3 O-O 10. e3 Qe7 11. Nd2 Nbd7 12. Nc4 Ne8 13. Be2 Ne5 14. Bxe5 Bxe5 15. Ra3
Rb8 16. a5 Bd7 17. O-O Nc7 18. Rb3 Bg7 19. Rb6 Bxc3 20. bxc3 Bb5 21. Qd2 Na8 22.
Rxb5 axb5 23. Na3 Nc7 24. Bxb5 Nxb5 25. Nxb5 Ra8 26. Ra1 Ra6 27. c4 Rfa8 0-1

[Event "Olimpiade 2014 - Open"]
[Site "Tromsø"]
[Date "04.08.2014"]
[Round "3.51"]
[Board "2"]
[White "Gemy, Jose Daniel"]
[Black "Aizpurua, Patrick"]
[Result "0-1"]
[WhiteTitle "IM"]
[BlackTitle "FM"]
[WhiteElo "2332"]
[BlackElo "2172"]
[WhiteTeam "Bolivia"]
[BlackTeam "Panama"]
[WhiteFideId "3301478"]
[BlackFideId "6600522"]
[EventDate "2014.08.02"]

1. d4 d5 2. Nf3 Nf6 3. Bf4 Bf5 4. e3 e6 5. Nbd2 Nbd7 6. Be2 h6 7. O-O Be7 8. c4
a5 9. Rc1 c6 10. h3 O-O 11. Ne5 Qb6 12. Nd3 Rfc8 13. c5 Qa7 14. a3 a4 15. Nb4
Ne4 16. Nb1 e5 17. Bh2 exd4 18. exd4 Ng5 19. Nc3 Ne6 20. g4 Bh7 21. Bd3 Bxd3 22.
Qxd3 b6 23. Ncxd5 cxd5 24. Nxd5 Ndxc5 25. dxc5 Bxc5 26. Qe4 Rd8 27. Rcd1 Re8 28.
Qg2 Rad8 29. Be5 Qa8 30. Nc3 Qa5 31. Rd5 Rxd5 32. Qxd5 Rd8 33. Qe4 Ng5 34. Qf5
Nxh3+ 35. Kg2 Ng5 36. Bg3 Qa8+ 37. Kh2 Nf3+ 38. Kh3 Nd4 39. Qe4 Qc8 40. Nxa4 Qa6
41. Rd1 Qxa4 42. Rd3 Re8 43. Be5 Qc6 44. Qxc6 Nxc6 45. Bg3 Re2 46. b4 Bxf2 47.
b5 Ne5 48. Rd8+ Kh7 49. Bf4 g5 50. Bh2 Ng6 51. Rd7 Kg7 52. Bc7 Nf4+ 53. Kh2 Bc5+
54. Kh1 Ne6 55. Bb8 Bxa3 56. Rb7 Bc5 57. Bc7 Nxc7 58. Rxc7 Rh2+ 0-1

[Event "Olimpiade 2014 - Open"]
[Site "Tromsø"]
[Date "04.08.2014"]
[Round "3.51"]
[Board "3"]
[White "Esquivel Golcher, Luis"]
[Black "Cueto, Jonny"]
[Result "1/2-1/2"]
[WhiteTitle "FM"]
[BlackTitle "IM"]
[WhiteElo "2173"]
[BlackElo "2283"]
[WhiteTeam "Panama"]
[BlackTeam "Bolivia"]
[WhiteFideId "6600174"]
[BlackFideId "3300145"]
[EventDate "2014.08.02"]

1. e4 c5 2. Nf3 d6 3. d4 cxd4 4. Nxd4 Nf6 5. Nc3 g6 6. Be2 Nc6 7. Nb3 Bg7 8. O-O
O-O 9. f4 a6 10. a4 Be6 11. Kh1 Rc8 12. Be3 Na5 13. f5 Nc4 14. Bd4 Bd7 15. a5
Nxb2 16. Qe1 Nc4 17. Qh4 e6 18. g4 e5 19. Bc5 Ne3 20. Bb6 Qe7 21. Bxe3 Rxc3 22.
Bd3 gxf5 23. gxf5 Kh8 24. Rf3 d5 25. Rg1 Rg8 26. Rfg3 dxe4 27. Be2 Rxe3 28. Rxe3
Bxf5 29. Nd2 Nd5 30. Qxe7 Nxe7 31. Nxe4 Bh6 32. Rxg8+ Nxg8 33. Nd6 Bxe3 34. Nxf5
Bd2 35. Bf3 Bxa5 36. Bxb7 Nf6 37. Bxa6 Ne4 38. Kg2 Kg8 39. Kf3 Nc3 40. Bc4 Kf8
41. Nd6 f6 42. Ne4 Kg7 43. Nxc3 Bxc3 44. Bd3 h5 45. Bf5 Kh6 46. Ke4 Kg5 47. h3 1/2-1/2

[Event "Olimpiade 2014 - Open"]
[Site "Tromsø"]
[Date "04.08.2014"]
[Round "3.51"]
[Board "4"]
[White "Caceres, Diego"]
[Black "Fuentes, Adrian"]
[Result "0-1"]
[WhiteElo "2128"]
[BlackElo "2105"]
[WhiteTeam "Bolivia"]
[BlackTeam "Panama"]
[WhiteFideId "3301168"]
[BlackFideId "6600875"]
[EventDate "2014.08.02"]

1. d4 d5 2. Bf4 Nf6 3. e3 Bf5 4. c4 c6 5. Nc3 e6 6. Qb3 Qb6 7. c5 Qxb3 8. axb3
Nbd7 9. Nf3 Nh5 10. b4 Nxf4 11. exf4 Be7 12. b5 O-O 13. Be2 Bf6 14. Ne5 Nxe5 15.
fxe5 Be7 16. O-O f6 17. f4 fxe5 18. fxe5 Bg5 19. g4 Be3+ 20. Kg2 Bc2 21. Rxf8+
Kxf8 22. Bd1 Bd3 23. bxc6 bxc6 24. Be2 Bc2 25. Bd1 Bd3 26. Be2 Bg6 27. Ra4 Rb8
28. Kf3 Bd2 29. Rxa7 Rxb2 30. Ra8+ Ke7 31. Ra7+ Kd8 32. Ra3 Rb4 33. Ra8+ Kc7 34.
Ba6 Bxc3 35. Rc8+ Kd7 36. Rg8 Be4+ 37. Kg3 Be1+ 38. Kf4 Bd2+ 39. Kg3 g5 40. Bc8+
Ke7 41. Rg7+ Kf8 42. Rc7 Be1+ 0-1

[Event "Olimpiade 2014 - Open"]
[Site "Tromsø"]
[Date "04.08.2014"]
[Round "3.52"]
[Board "1"]
[White "Harper, Ryan"]
[Black "Meier, Peter"]
[Result "1-0"]
[WhiteTitle "FM"]
[WhiteElo "2236"]
[BlackElo "2039"]
[WhiteTeam "Trinidad & Tobago"]
[BlackTeam "Seychelles"]
[WhiteFideId "7700156"]
[BlackFideId "9800158"]
[EventDate "2014.08.02"]

1. e4 c5 2. Nc3 Nc6 3. Bb5 g6 4. Bxc6 bxc6 5. d3 Bg7 6. f4 Nf6 7. e5 Nd5 8. Ne4
O-O 9. c4 Nc7 10. Nf3 d6 11. O-O Bg4 12. Nf2 Bxf3 13. Qxf3 dxe5 14. f5 Qd7 15.
Ne4 Qxf5 16. Qxf5 gxf5 17. Rxf5 Ne6 18. Be3 Nf4 19. Bxc5 Rfe8 20. Rd1 e6 21. Rg5
h6 22. Nf6+ Kh8 23. Rxg7 Kxg7 24. Nxe8+ Rxe8 25. g3 Ng6 26. b4 a6 27. a4 Rd8 28.
b5 cxb5 29. axb5 axb5 30. cxb5 Rd5 31. Rc1 Nf8 32. b6 Nd7 33. b7 Rxd3 34. Rb1 f5
35. b8=Q Nxb8 36. Rxb8 f4 37. gxf4 exf4 38. Rb4 e5 39. Rb6 e4 40. Rd6 Rb3 41.
Bd4+ Kh7 42. Re6 Rb1+ 43. Kg2 Re1 44. Kh3 Re2 45. Kg4 h5+ 46. Kf5 f3 47. Re8 1-0

[Event "Olimpiade 2014 - Open"]
[Site "Tromsø"]
[Date "04.08.2014"]
[Round "3.52"]
[Board "2"]
[White "Meier, Kurt"]
[Black "Winter Atwell, Adrian"]
[Result "0-1"]
[WhiteTitle "CM"]
[BlackTitle "CM"]
[WhiteElo "1944"]
[BlackElo "2110"]
[WhiteTeam "Seychelles"]
[BlackTeam "Trinidad & Tobago"]
[WhiteFideId "1307398"]
[BlackFideId "7700750"]
[EventDate "2014.08.02"]

1. e4 e5 2. Nf3 Nc6 3. Bb5 Bc5 4. O-O Nd4 5. Nxd4 Bxd4 6. c3 Bb6 7. d4 c6 8. Ba4
d6 9. Na3 Nf6 10. Bg5 h6 11. Bh4 g5 12. dxe5 gxh4 13. exf6 Qxf6 14. Nc4 Bc7 15.
f4 Rg8 16. Rf2 Bg4 17. Qe1 O-O-O 18. e5 Qe6 19. exd6 Qxc4 20. dxc7 Rde8 21. Qd2
Qxa4 0-1

[Event "Olimpiade 2014 - Open"]
[Site "Tromsø"]
[Date "04.08.2014"]
[Round "3.52"]
[Board "3"]
[White "Johnson, Joshua"]
[Black "Pillay, Ragul"]
[Result "1-0"]
[WhiteTitle "CM"]
[WhiteElo "2069"]
[BlackElo "1312"]
[WhiteTeam "Trinidad & Tobago"]
[BlackTeam "Seychelles"]
[WhiteFideId "7700768"]
[BlackFideId "9800174"]
[EventDate "2014.08.02"]

1. e4 e5 2. Nf3 Nc6 3. Bc4 Nf6 4. d3 Bc5 5. c3 d5 6. exd5 Nxd5 7. Qb3 Be6 8.
Qxb7 O-O 9. Qxc6 Qd6 10. Qxd6 Bxd6 11. O-O Nf6 12. Bxe6 fxe6 13. Nbd2 Nd7 14.
Nc4 Nc5 15. Ncxe5 Bxe5 16. Nxe5 Rf5 17. d4 Ne4 18. a4 Raf8 19. f3 Nf6 20. g4
Rxe5 21. dxe5 Nd7 22. f4 Nc5 23. Be3 Nd3 24. Bxa7 Nxb2 25. Rfb1 Nd3 26. Rb8 Rxb8
27. Bxb8 Nxf4 28. a5 1-0

[Event "Olimpiade 2014 - Open"]
[Site "Tromsø"]
[Date "04.08.2014"]
[Round "3.53"]
[Board "1"]
[White "Emojong, Elijah"]
[Black "Ziska, Helgi Dam"]
[Result "0-1"]
[WhiteTitle "IM"]
[BlackTitle "IM"]
[WhiteElo "2334"]
[BlackElo "2507"]
[WhiteTeam "Uganda"]
[BlackTeam "Faroe Isles"]
[WhiteFideId "10000402"]
[BlackFideId "7200595"]
[EventDate "2014.08.02"]

1. e4 c5 2. Nf3 d6 3. d4 cxd4 4. Qxd4 a6 5. h3 Nc6 6. Qe3 g6 7. c4 Bg7 8. Nc3
Nf6 9. Be2 O-O 10. O-O Be6 11. Rb1 Nd7 12. b3 Qb6 13. Qd2 Rfc8 14. Bb2 Qa5 15.
a3 Qd8 16. Rfe1 Na5 17. Bd1 Bxc4 18. Nd5 Bxd5 19. exd5 Bxb2 20. Rxb2 Nf6 21. Qg5
Qf8 22. Rbe2 Rc5 23. Rxe7 Nxd5 24. b4 Nxe7 25. bxc5 Nec6 26. cxd6 Qxd6 27. Nh4
Qd8 28. Qg3 Qd2 29. Rf1 Re8 30. Nf5 Re1 31. Ne3 Nc4 32. Bb3 Nxe3 33. Bxf7+ Kxf7
34. Qf4+ Ke8 35. fxe3 Qxe3+ 36. Kh2 Qxf4+ 0-1

[Event "Olimpiade 2014 - Open"]
[Site "Tromsø"]
[Date "04.08.2014"]
[Round "3.53"]
[Board "2"]
[White "Rodgaard, John"]
[Black "Kawuma, Patrick"]
[Result "1-0"]
[WhiteTitle "IM"]
[BlackTitle "CM"]
[WhiteElo "2361"]
[BlackElo "2261"]
[WhiteTeam "Faroe Isles"]
[BlackTeam "Uganda"]
[WhiteFideId "7200013"]
[BlackFideId "10000127"]
[EventDate "2014.08.02"]

1. c4 g6 2. e4 e5 3. Nf3 Bg7 4. d4 exd4 5. Nxd4 Nc6 6. Nxc6 bxc6 7. Bd3 d6 8.
O-O Ne7 9. Nc3 O-O 10. Be3 c5 11. Qd2 Rb8 12. Rab1 Re8 13. Bc2 Ba6 14. Ba4 Rf8
15. b3 Bb7 16. Rbe1 f5 17. Bg5 fxe4 18. Nxe4 Bxe4 19. Rxe4 Bf6 20. Bxf6 Rxf6 21.
Rfe1 Rf7 22. Qg5 Nc6 23. Qe3 Ne5 24. f4 Ng4 25. Qh3 Nf6 26. Re6 Qf8 27. Qc3 Qg7
28. g3 Rbf8 29. Bc6 g5 30. fxg5 Qxg5 31. Qe3 Qh5 32. Bf3 Qf5 33. Qe2 Kg7 34. Re7
Rxe7 35. Qxe7+ Kg8 36. Rf1 Qc8 37. Bc6 Qg4 38. Bd5+ 1-0

[Event "Olimpiade 2014 - Open"]
[Site "Tromsø"]
[Date "04.08.2014"]
[Round "3.53"]
[Board "3"]
[White "Ssegwanyi, Arthur"]
[Black "Nielsen, Hogni Egilstoft"]
[Result "0-1"]
[WhiteElo "2299"]
[BlackElo "2256"]
[WhiteTeam "Uganda"]
[BlackTeam "Faroe Isles"]
[WhiteFideId "10000100"]
[BlackFideId "7200404"]
[EventDate "2014.08.02"]

1. e4 e5 2. Nf3 Nc6 3. d4 exd4 4. Bc4 Nf6 5. e5 d5 6. Bb5 Ne4 7. Nxd4 Bd7 8.
Bxc6 bxc6 9. O-O Bc5 10. Be3 O-O 11. Nd2 Nxd2 12. Qxd2 Qe7 13. Nb3 Bb6 14. Rae1
Bc8 15. f4 f6 16. e6 f5 17. Qc3 Ba6 18. Rf3 Bb5 19. Bc5 Bc4 20. Bd4 Rae8 21. Na5
Bb5 22. Nxc6 Qd6 23. Bxb6 axb6 24. Nd4 Bc4 25. b3 Ba6 26. Re5 g6 27. Nxf5 Rxf5
28. Rxf5 d4 29. Qe1 gxf5 30. Qh4 Qxe6 31. Rg3+ Kh8 32. h3 Rg8 33. Rxg8+ Kxg8 34.
Qd8+ Kf7 35. Qxd4 Bb7 36. Kh2 Qe2 37. Kg3 Qxg2+ 38. Kh4 Qe4 39. Qd2 Qe7+ 40. Kg3
Qe4 41. Kh4 Qd5 42. Qc3 Qc6 43. Qd2 Qd6 44. Qf2 Qf6+ 45. Kg3 Qc3+ 46. Kh4 Be4
47. Qe2 Ke6 48. Qb5 Qe1+ 49. Kh5 Bf3+ 50. Kh6 Qh4+ 51. Kg7 Qe7+ 0-1

[Event "Olimpiade 2014 - Open"]
[Site "Tromsø"]
[Date "04.08.2014"]
[Round "3.53"]
[Board "4"]
[White "Nilssen, John Arni"]
[Black "Wanyama, Harold"]
[Result "0-1"]
[WhiteTitle "IM"]
[BlackTitle "FM"]
[WhiteElo "2322"]
[BlackElo "2244"]
[WhiteTeam "Faroe Isles"]
[BlackTeam "Uganda"]
[WhiteFideId "7200137"]
[BlackFideId "10000380"]
[EventDate "2014.08.02"]

1. d4 d5 2. c4 e6 3. Nc3 Nf6 4. cxd5 exd5 5. Bg5 Nbd7 6. e3 Be7 7. Qc2 c6 8. Bd3
Nf8 9. Nf3 Ne6 10. Bh4 g6 11. O-O O-O 12. h3 Ng7 13. Bxf6 Bxf6 14. b4 Qd6 15. b5
Ne6 16. bxc6 bxc6 17. Na4 Bd7 18. Nd2 Qa3 19. Qb3 Qe7 20. Rab1 Kg7 21. Rfc1 Rfb8
22. Qc3 Qd6 23. Nb3 Bd8 24. Nbc5 Nxc5 25. Nxc5 Bc8 26. Rxb8 Rxb8 27. Bf1 Bc7 28.
g3 h5 29. e4 h4 30. e5 Qe7 31. Nb3 Rb6 32. f4 hxg3 33. Qxg3 Qa3 34. Rc2 a5 35.
Kh2 Bf5 36. Rf2 a4 37. Nc5 Qxg3+ 38. Kxg3 a3 39. Rf3 Rb1 40. Bd3 Rg1+ 41. Kf2
Ra1 42. Bxf5 Rxa2+ 43. Ke3 gxf5 44. Rg3+ Kh7 45. Nd7 Bd8 46. Rg1 Rb2 47. Ra1 a2
48. Nc5 Ba5 49. Nd3 Rc2 0-1

[Event "Olimpiade 2014 - Open"]
[Site "Tromsø"]
[Date "04.08.2014"]
[Round "3.55"]
[Board "1"]
[White "Matamoros Franco, Carlos S."]
[Black "Sanon, Mondoly"]
[Result "1-0"]
[WhiteTitle "GM"]
[WhiteElo "2525"]
[BlackElo "2012"]
[WhiteTeam "Ecuador"]
[BlackTeam "Haiti"]
[WhiteFideId "3600017"]
[BlackFideId "11900059"]
[EventDate "2014.08.02"]

1. Nf3 Nf6 2. c4 d5 3. cxd5 Nxd5 4. d4 e6 5. e4 Bb4+ 6. Bd2 Bxd2+ 7. Qxd2 Nf6 8.
Nc3 O-O 9. Bd3 Nc6 10. e5 Nd5 11. O-O Nb6 12. Rad1 Qe7 13. Rfe1 Bd7 14. Bb1 Nb4
15. Ng5 h6 16. Nh7 Rfd8 17. Nf6+ Kf8 18. a3 N4d5 19. Ncxd5 Nxd5 20. Nxd5 exd5
21. f4 Bg4 22. Rc1 Qd7 23. Qc2 g6 24. Qxc7 Qxc7 25. Rxc7 Rd7 26. Rec1 Rxc7 27.
Rxc7 Rc8 28. Rxc8+ Bxc8 29. Kf2 Ke7 30. Kf3 h5 31. Kg3 f5 32. Kh4 Kf7 33. Kg5
Kg7 34. Ba2 Be6 35. Bb3 b5 36. Bd1 Bd7 37. Bf3 Bc6 38. h3 a6 39. g4 hxg4 40.
hxg4 fxg4 41. Bxg4 a5 42. b4 axb4 43. axb4 Kf7 44. Bd1 Kg7 45. Bc2 Be8 46. Bd3
Kh7 47. Kf6 Kh6 48. Be2 Bc6 49. Bg4 Be8 50. e6 1-0

[Event "Olimpiade 2014 - Open"]
[Site "Tromsø"]
[Date "04.08.2014"]
[Round "3.55"]
[Board "2"]
[White "Luxama, Jacques Muller"]
[Black "Munoz Sanchez, Miguel"]
[Result "0-1"]
[BlackTitle "IM"]
[WhiteElo "1893"]
[BlackElo "2296"]
[WhiteTeam "Haiti"]
[BlackTeam "Ecuador"]
[WhiteFideId "11900113"]
[BlackFideId "3600734"]
[EventDate "2014.08.02"]

1. e4 c5 2. Nf3 Nc6 3. d4 cxd4 4. Nxd4 Nf6 5. Nc3 e6 6. Ndb5 Bb4 7. Nd6+ Ke7 8.
Nxc8+ Rxc8 9. Bd3 Re8 10. O-O Kf8 11. Bg5 h6 12. Bh4 Ne5 13. Nb5 a6 14. Nd4 Be7
15. Kh1 Qb6 16. Nb3 Kg8 17. h3 Nxe4 18. Bxe7 Nxf2+ 19. Rxf2 Qxf2 20. Ba3 Nxd3
21. cxd3 Rc2 22. Qf1 Qg3 23. Nd4 Rf2 24. Qg1 Rc8 25. Rd1 Qe3 26. Nb3 Rcc2 27.
Rc1 Rxc1 28. Nxc1 Qf4 29. Bd6 Qf5 30. Kh2 e5 31. h4 Qf4+ 32. Kh3 Rf1 33. Qa7
Rh1# 0-1

[Event "Olimpiade 2014 - Open"]
[Site "Tromsø"]
[Date "04.08.2014"]
[Round "3.56"]
[Board "1"]
[White "Lim, Yee-Weng"]
[Black "Solomon, Kenny"]
[Result "0-1"]
[WhiteTitle "IM"]
[BlackTitle "IM"]
[WhiteElo "2311"]
[BlackElo "2378"]
[WhiteTeam "Malaysia"]
[BlackTeam "South Africa"]
[WhiteFideId "5700590"]
[BlackFideId "14300192"]
[EventDate "2014.08.02"]

1. e4 e5 2. Nf3 Nc6 3. d4 exd4 4. Nxd4 Nf6 5. Nc3 Bb4 6. Nxc6 bxc6 7. Bd3 O-O 8.
O-O d5 9. exd5 cxd5 10. h3 c6 11. Qf3 Bd6 12. Bf4 Be6 13. Ne2 Qb8 14. b3 Re8 15.
Rfd1 a5 16. Bxd6 Qxd6 17. Qf4 Qe7 18. Nd4 Bd7 19. Nf3 Qb4 20. Qd2 c5 21. c3 Qb8
22. Re1 Qd6 23. Rxe8+ Rxe8 24. Re1 Kf8 25. Rxe8+ Bxe8 26. Bc2 Qc7 27. Nh4 Bd7
28. Nf3 h6 29. a3 Bb5 30. b4 Bc4 31. Qe3 d4 32. Qd2 dxc3 33. Qxc3 cxb4 34. axb4
Nd5 35. Qe5 axb4 36. Ba4 Qxe5 37. Nxe5 Ba2 38. Nd3 Bc4 39. Nb2 Be2 40. f3 Nc3
41. Bb3 Bb5 42. Kf2 Ke7 43. Ke3 f6 44. h4 Kd6 45. Kf4 Ne2+ 46. Kf5 Nd4+ 47. Kg6
Nxb3 48. Kxg7 Ke7 49. Kxh6 Kf7 50. g4 Nd4 51. f4 Ne6 52. g5 Nxf4 53. h5 Be2 54.
g6+ Kg8 55. g7 Bxh5 56. Nc4 Bf7 57. Nd6 Ne6 58. Ne8 Nxg7 59. Nxf6+ Kf8 60. Ne4
Ne6 61. Kh7 b3 62. Kh8 b2 63. Ng5 Ke8 0-1

[Event "Olimpiade 2014 - Open"]
[Site "Tromsø"]
[Date "04.08.2014"]
[Round "3.56"]
[Board "2"]
[White "Steel, Henry Robert"]
[Black "Teh, Eu Wen Aron"]
[Result "1-0"]
[WhiteTitle "IM"]
[WhiteElo "2399"]
[BlackElo "2309"]
[WhiteTeam "South Africa"]
[BlackTeam "Malaysia"]
[WhiteFideId "14300567"]
[BlackFideId "5704723"]
[EventDate "2014.08.02"]

1. e4 e5 2. Nf3 Nc6 3. d4 exd4 4. Nxd4 Nf6 5. Nc3 Bb4 6. Nxc6 bxc6 7. Bd3 O-O 8.
O-O d5 9. exd5 cxd5 10. h3 c6 11. Qf3 Bd6 12. Ne2 Nd7 13. Bf4 Bxf4 14. Qxf4 Nc5
15. Nd4 Nxd3 16. cxd3 Qb6 17. Rac1 Qxb2 18. Rxc6 Qa3 19. Re1 Bd7 20. Rc7 Rad8
21. Re3 Qxa2 22. Re7 Be8 23. Kh2 Qa6 24. Ne6 Qxe6 25. Rxe6 fxe6 26. Qe5 Rf6 27.
Rxa7 Bf7 28. f3 Rf8 29. Qc7 h6 30. d4 Kh7 31. h4 Rg8 32. Kg1 Bg6 33. Qe5 Rgf8
34. Re7 Bf5 35. Qc7 Rg8 36. h5 Rff8 37. Kh2 Re8 38. Rd7 Kh8 39. Qe5 Rd8 40. Rxd8
Rxd8 41. g4 Bh7 42. Qxe6 Bg8 43. Qe5 Rf8 44. Kg3 Rf6 45. Qc7 Be6 46. f4 Bg8 47.
g5 Ra6 48. g6 Rf6 49. Qd7 Be6 50. Qe8+ Bg8 51. Qe7 Re6 52. Qd7 Re3+ 53. Kg2 Re6
54. f5 Ra6 55. Kg3 Rb6 56. Kf4 Ra6 57. Ke5 Ra1 58. Qe7 Re1+ 59. Kd6 Rf1 60. Qe5
Ra1 61. f6 Ra6+ 62. Ke7 Ra7+ 63. Kd8 Ra8+ 64. Kc7 Ra7+ 65. Kb6 1-0

[Event "Olimpiade 2014 - Open"]
[Site "Tromsø"]
[Date "04.08.2014"]
[Round "3.56"]
[Board "3"]
[White "Fong, Yit San"]
[Black "Van den Heever, Donovan"]
[Result "0-1"]
[BlackTitle "FM"]
[WhiteElo "2143"]
[BlackElo "2289"]
[WhiteTeam "Malaysia"]
[BlackTeam "South Africa"]
[WhiteFideId "5702640"]
[BlackFideId "14300494"]
[EventDate "2014.08.02"]

1. e4 c5 2. Nf3 d6 3. d4 cxd4 4. Nxd4 Nf6 5. Nc3 Nc6 6. Bg5 e6 7. Qd2 a6 8.
O-O-O h6 9. Be3 Nxd4 10. Bxd4 Be7 11. f3 e5 12. Be3 Be6 13. Kb1 Qc7 14. Nd5 Nxd5
15. exd5 Bf5 16. Bd3 Bxd3 17. Qxd3 Rc8 18. g4 O-O 19. h4 Qc4 20. Qd2 f5 21. gxf5
Rxf5 22. Bxh6 gxh6 23. Qxh6 Qxc2+ 24. Ka1 Rf6 25. Rdg1+ Kf7 26. Qg7+ Ke8 27. h5
Rf7 28. Qg8+ Rf8 29. Qg7 e4 30. fxe4 Bf6 31. Qg6+ Kd8 32. Rb1 Rc4 33. Qh6 Ke7
34. e5 Bxe5 35. Rhe1 Qf5 36. a3 Kd7 37. Qe3 Qf3 38. Ka2 Qxe3 39. Rxe3 Rh4 0-1

[Event "Olimpiade 2014 - Open"]
[Site "Tromsø"]
[Date "04.08.2014"]
[Round "3.56"]
[Board "4"]
[White "Gluckman, David"]
[Black "Nayan, Ahmad Fadzil"]
[Result "1/2-1/2"]
[WhiteTitle "IM"]
[WhiteElo "2236"]
[BlackElo "2121"]
[WhiteTeam "South Africa"]
[BlackTeam "Malaysia"]
[WhiteFideId "14300010"]
[BlackFideId "5702615"]
[EventDate "2014.08.02"]

1. e4 c5 2. Nf3 Nc6 3. Bb5 e6 4. O-O Nge7 5. Re1 a6 6. Bf1 d5 7. exd5 Nxd5 8. a4
Be7 9. Na3 O-O 10. Nc4 b6 11. c3 Bb7 12. d4 cxd4 13. Nxd4 Nxd4 14. Qxd4 Qc7 15.
Qe5 Qxe5 16. Nxe5 Rfd8 17. Be2 f6 18. Nc4 Rac8 19. g3 Kf7 20. Bf1 Bf8 21. Ne3
Nxe3 22. Bxe3 Bc5 23. Bxc5 Rxc5 24. Rad1 Rxd1 25. Rxd1 Ke7 26. f4 a5 27. Bb5 Bc6
28. Bxc6 Rxc6 29. Kf2 Rc4 30. Ra1 Kd6 31. Ke3 f5 32. Rd1+ Kc7 33. Rd4 Rc5 34.
Kd3 e5 35. fxe5 Rxe5 36. Rc4+ Kd7 37. Rd4+ Kc7 1/2-1/2

[Event "Olimpiade 2014 - Open"]
[Site "Tromsø"]
[Date "04.08.2014"]
[Round "3.57"]
[Board "1"]
[White "Batchuluun, Tsegmed"]
[Black "Hamal, Manish"]
[Result "1-0"]
[WhiteTitle "GM"]
[BlackTitle "FM"]
[WhiteElo "2513"]
[BlackElo "2068"]
[WhiteTeam "Mongolia"]
[BlackTeam "Nepal"]
[WhiteFideId "4900847"]
[BlackFideId "12300110"]
[EventDate "2014.08.02"]

1. d4 Nf6 2. c4 e6 3. Nc3 d5 4. Bg5 Nbd7 5. e3 c6 6. Nf3 Bd6 7. Bd3 O-O 8. O-O
dxc4 9. Bxc4 e5 10. Bxf6 gxf6 11. Nh4 exd4 12. exd4 Qa5 13. Ne4 Be7 14. Qg4+ Kh8
15. Nf5 Rg8 16. Qf4 Qb4 17. Bxf7 Rf8 18. a3 Qxb2 19. Be6 Re8 1-0

[Event "Olimpiade 2014 - Open"]
[Site "Tromsø"]
[Date "04.08.2014"]
[Round "3.57"]
[Board "2"]
[White "Rajbhandari, Rijendra"]
[Black "Khatanbaatar, Bazar"]
[Result "1-0"]
[BlackTitle "GM"]
[WhiteElo "2061"]
[BlackElo "2390"]
[WhiteTeam "Nepal"]
[BlackTeam "Mongolia"]
[WhiteFideId "12300403"]
[BlackFideId "4900332"]
[EventDate "2014.08.02"]

1. d4 d5 2. c4 c6 3. Nf3 Nf6 4. Nc3 dxc4 5. a4 Bf5 6. Nh4 e6 7. Nxf5 exf5 8. e3
Bb4 9. Bxc4 O-O 10. O-O Nbd7 11. Qb3 Qb6 12. Na2 Bd6 13. Qxb6 Nxb6 14. Bb3 c5
15. Nc3 c4 16. Bc2 g6 17. e4 fxe4 18. Nxe4 Be7 19. Bg5 Nbd5 20. Nc3 Rfe8 21.
Rfe1 Bb4 22. Bd2 Rad8 23. a5 Kg7 24. Kf1 Rxe1+ 25. Bxe1 Ne7 26. a6 b6 27. Ra4
Nc6 28. d5 Nxd5 29. Nxd5 Bxe1 30. Kxe1 Rxd5 31. Rxc4 Ne5 32. Rc7 Rd7 33. Rb7
Rxb7 34. axb7 Nc6 35. Ba4 Nb8 36. Kd2 Kf6 37. Ke3 Ke5 38. g4 g5 39. h4 gxh4 40.
f4+ Kf6 41. g5+ Kg7 42. Bc2 h6 43. Kf3 hxg5 44. fxg5 a5 45. Kg4 b5 46. Kxh4 a4
47. Kh5 Kf8 48. Kg4 Ke7 49. Kf5 Nd7 50. Bd3 b4 51. Bb5 a3 52. bxa3 bxa3 53. Bxd7
a2 54. b8=Q a1=Q 55. Qe8+ Kd6 56. Qxf7 Qb1+ 57. Kf6 Qb2+ 58. Kg6 Qd2 59. Bf5 Ke5
60. Qe6+ Kf4 1-0

[Event "Olimpiade 2014 - Open"]
[Site "Tromsø"]
[Date "04.08.2014"]
[Round "3.57"]
[Board "3"]
[White "Battulga, Namkhai"]
[Black "Maharjan, Sajin"]
[Result "1-0"]
[WhiteTitle "IM"]
[WhiteElo "2411"]
[BlackElo "1980"]
[WhiteTeam "Mongolia"]
[BlackTeam "Nepal"]
[WhiteFideId "4900880"]
[BlackFideId "12301906"]
[EventDate "2014.08.02"]

1. e4 c5 2. Nf3 Nc6 3. d4 cxd4 4. Nxd4 Nf6 5. Nc3 g6 6. Be3 Bg7 7. Bc4 Qa5 8.
O-O O-O 9. h3 d6 10. Bb3 Bd7 11. f4 Nxd4 12. Bxd4 Bc6 13. Qd3 Nd7 14. Bxg7 Kxg7
15. Rae1 Rad8 16. Nd5 Qc5+ 17. Kh1 e6 18. Nc3 b5 19. a3 a5 20. Ne2 Nf6 21. Nd4
d5 22. e5 Ne4 23. c3 h5 24. Bc2 h4 25. Kh2 Rb8 26. Qe3 Qb6 27. Bxe4 dxe4 28. f5
exf5 29. Nxf5+ Kg8 30. Qh6 gxf5 31. Qg5+ Kh7 32. Rf4 1-0